| 000 | 01446cam a2200445 a 4500 | ||
|---|---|---|---|
| 001 | 14617629 | ||
| 003 | OSt | ||
| 005 | 20140310184519.0 | ||
| 008 | 061031s2007 nyu c 000 1 eng | ||
| 010 | _a 2006033858 | ||
| 020 | _a0439436583 | ||
| 020 | _a9780439436588 | ||
| 035 | _a(OCoLC)ocm76961093 | ||
| 035 | _a(OCoLC)76961093 | ||
| 040 |
_aDLC _cDLC _dIG# _dBAKER _dWIQ _dBTCTA _dLF8 _dVP@ _dDLC |
||
| 042 |
_alcac _alcac |
||
| 050 | 0 | 0 |
_aPZ 7 _b.N647Lad 2007 |
| 100 | 1 |
_aNix, Garth. _919379 |
|
| 245 | 1 | 0 |
_aLady friday / _cGarth Nix |
| 250 | _a1st ed. | ||
| 260 |
_aNew York : _bScholastic Press, _c2008. |
||
| 300 |
_a304 p. ; _c21 cm. |
||
| 490 | 1 |
_aKeys to the kingdom ; _vbk. 5 |
|
| 521 | _aG6 | ||
| 526 | _c940 | ||
| 650 | 0 |
_aSoldiers _vJuvenile fiction. _929659 |
|
| 650 | 0 |
_aMagic _vJuvenile fiction. _929660 |
|
| 650 | 0 |
_aSpace and time _vJuvenile fiction. _929661 |
|
| 650 | 1 |
_aSoldiers _vFiction. _929662 |
|
| 650 | 1 |
_aMagic _vFiction. _929663 |
|
| 650 | 1 |
_aSpace and time _vFiction. _929664 |
|
| 650 | 1 |
_aFantasy. _93293 |
|
| 655 | 0 |
_aFantasy fiction. _93053 |
|
| 800 | 1 |
_aNix, Garth. _tKeys to the kingdom. _929665 |
|
| 856 | 4 | 2 |
_3Publisher description _uhttp://www.loc.gov/catdir/enhancements/fy1203/2006033858-d.html |
| 906 |
_a7 _bcbc _corignew _d1 _eecip _f20 _gy-gencatlg |
||
| 942 |
_2lcc _cBK-SCHOLAS |
||
| 999 |
_c34996 _d34996 |
||